Основы стандартизации, метрологии, сертификации: 100 экзаменационных ответов

書誌詳細
第一著者: Басаков М. И. Михаил Иванович
要約:Подготовлено в соответствии с Государственным образовательным стандартом по данной дисциплине
Задача предлагаемого экспресс-справочника — кратко изложить студенту ответы на распространенные вопросы, которые встречаются при проведении зачетов и экзаменов по учебной дисциплине «Основы стандартизации, метрологии, сертификации». В пособии освещаются научно-методические и организационные основы системы стандартизации, метрологического обеспечения и сертификации продукции и услуг, сложившиеся на сегодня в Российской Федерации. В связи с начальным этапом внедрения Федерального закона «О техническом регулировании», в пособии приводится как сам Закон, так и необходимые ссылки на его положения (статьи) при освещении ответов на соответствующие вопросы. Наряду с лекциями преподавателя при таком подходе пособие обеспечит необходимый уровень подготовки студента для успешной сдачи зачетов и экзаменов.
言語:ロシア語
出版事項: Москва, МарТ, 2004
版:2-е изд., испр. и доп.
シリーズ:Экспресс-справочник для студентов вузов
主題:
フォーマット: 図書
KOHA link:https://koha.lib.tpu.ru/cgi-bin/koha/opac-detail.pl?biblionumber=76738

MARC

LEADER 00000nam0a2200000 4500
001 76738
005 20231031091901.0
010 |a 5241002936 
035 |a (RuTPU)RU\TPU\book\82257 
090 |a 76738 
100 |a 20050504d2004 m y0rusy50 ca 
101 0 |a rus 
102 |a RU 
105 |a y gj 000zy 
200 1 |a Основы стандартизации, метрологии, сертификации  |e 100 экзаменационных ответов  |f М. И. Басаков 
205 |a 2-е изд., испр. и доп. 
210 |a Москва  |a Ростов-на-Дону  |c МарТ  |d 2004 
215 |a 286 с. 
225 1 |a Экспресс-справочник для студентов вузов 
300 |a Подготовлено в соответствии с Государственным образовательным стандартом по данной дисциплине 
330 |a Задача предлагаемого экспресс-справочника — кратко изложить студенту ответы на распространенные вопросы, которые встречаются при проведении зачетов и экзаменов по учебной дисциплине «Основы стандартизации, метрологии, сертификации». В пособии освещаются научно-методические и организационные основы системы стандартизации, метрологического обеспечения и сертификации продукции и услуг, сложившиеся на сегодня в Российской Федерации. В связи с начальным этапом внедрения Федерального закона «О техническом регулировании», в пособии приводится как сам Закон, так и необходимые ссылки на его положения (статьи) при освещении ответов на соответствующие вопросы. Наряду с лекциями преподавателя при таком подходе пособие обеспечит необходимый уровень подготовки студента для успешной сдачи зачетов и экзаменов. 
610 1 |a стандартизация 
610 1 |a метрология 
610 1 |a сертификация 
610 1 |a экзаменационные ответы 
610 1 |a учебные пособия 
675 |a 006(07)  |v 4 
675 |a 658.562.012.7(07)  |v 3 
700 1 |a Басаков  |b М. И.  |g Михаил Иванович 
801 1 |a RU  |b 63413507  |c 20050504  |g PSBO 
801 2 |a RU  |b 63413507  |c 20121008  |g PSBO 
900 |a Стандартизация и сертификация в обеспечении качества 
900 |a Метрология, стандартизация и сертификация 
942 |c BK 
952 |a 552200  |b 072000